Lista zakupów za 1500 zł - Statystyki

Ogólne statystyki
  • Ten quiz został rozwiązany 135 razy
  • Średni wynik to 7 z 67
Statystyki odpowiedzi
Artykuły sklepowe % Poprawnych
chleb
83%
bułki
62%
szynka
50%
woda
46%
kiełbasa
41%
jabłka
40%
Piwo
39%
pomidory
34%
banany
27%
jogurt
27%
Cola
25%
ogórki
25%
ciastka
21%
pomarańcze
21%
Papierosy
16%
pepsi
15%
anyżki
11%
mandarynki
11%
kiwi
6%
landrynki
6%
półksiężyce
6%
miętusy
5%
mirinda
5%
kanoldy
4%
kawa inka
4%
napój krzyś
4%
redbull
4%
babka
3%
boczek wędzony
3%
doładowanie z plusa
3%
dwa plusy (????)
3%
jogurt grecki
3%
kotlety mielone
3%
leczo rybne
3%
lipton
3%
mięso mielone
3%
napój helena
3%
napój junior
3%
napój rockstar
3%
napój w kartonie
3%
napój żółty
3%
papierosy mocne
3%
ryba po grecku
3%
ryba po węgiersku
3%
serki topione
3%
ser w plastrach
3%
szprotki
3%
tabletki na gardło
3%
tygodnik tucholski
3%
tytoń
3%
zapalniczka
3%
APAP Ekstra
2%
APAP na ból zęba
2%
czipsy cebulowe
2%
czipsy paprykowe
2%
grejpfrut
2%
kaszanka
2%
napój 4runners
2%
napój CROSS
2%
napój cross cola
2%
napój junior POWER
2%
napój niebieski
2%
napój puszka
2%
napój tiger
2%
czipsy śmietankowe
1%
herbata granulowana
1%
kawa capuccino
1%
Nie znaleziono quizów pasujących do podanych kryteriów
Rozkład punktacji
Procent ludzi z każdym wynikiem
Percentyl według liczby udzielonych odpowiedzi
Twoja historia wyników
Nie rozwiązałeś tego quizu